Quentin Tarantino Actors to Movies - Sudden Death - Statistics

General Stats
  • This quiz has been taken 248 times
  • The average score is 9 of 17
Answers on the Grid
Answers color-coded by a green-red scale on the quiz's grid according to % correct below.
Samuel L. Jackson - Django Unchained
Samuel L. Jackson - The Hateful Eight
Leonardo DiCaprio - Django Unchained
Brad Pitt - Inglorious Basterds
Uma Thurman - Pulp Fiction
Robert De Niro - Jackie Brown
Margot Robbie - Once Upon a Time... In Hollywood
Tim Roth - Reservoir Dogs
Tim Roth - Pulp Fiction
Quentin Tarantino - Django Unchained
Michael Madsen - Kill Bill
Michael Madsen - Reservoir Dogs
Harvey Kittel - Reservoir Dogs
Steve Buscemi - Reservoir Dogs
Harvey Kittel - Pulp Fiction
Eli Roth - Inglorious Basterds
Zoe Bell - Death Proof
Samuel L. Jackson - Reservoir Dogs
Samuel L. Jackson - Once Upon a Time... In Hollywood
Leonardo DiCaprio - Kill Bill
John Travolta - Death Proof
Robert De Niro - Death Proof
Robert De Niro - Once Upon Time... In Hollywood
Tim Roth - Inglorious Basterds
Will Smith - Django Unchained
Christoph Waltz - The Hateful Eight
Harvey Kittel - Jackie Brown
Kurt Russell - Jackie Brown
Steve Buscemi - Death Proof
Matt Damon - Inglorious Basterds
 
Answer Stats
Answer % Correct
Leonardo DiCaprio - Django Unchained
68%
Margot Robbie - Once Upon a Time... In Hollywood
65%
Uma Thurman - Pulp Fiction
65%
Brad Pitt - Inglorious Basterds
64%
Samuel L. Jackson - The Hateful Eight
61%
Samuel L. Jackson - Django Unchained
59%
Steve Buscemi - Reservoir Dogs
57%
Tim Roth - Reservoir Dogs
53%
Michael Madsen - Reservoir Dogs
50%
Quentin Tarantino - Django Unchained
48%
Michael Madsen - Kill Bill
47%
Harvey Kittel - Reservoir Dogs
45%
Tim Roth - Pulp Fiction
42%
Robert De Niro - Jackie Brown
41%
Eli Roth - Inglorious Basterds
39%
Harvey Kittel - Pulp Fiction
39%
Zoe Bell - Death Proof
32%
No matching quizzes found
Score Distribution
Percent of People with Each Score
Percentile by Number Answered
Your Score History
You have not taken this quiz